[Event "Mecklenburg VP LL2 Ost 2122"]
[Site "Mecklenburg VP"]
[Date "2022.03.20"]
[Round "7.1"]
[White "Lichte, Martin"]
[Black "Schmidt, Paul1111"]
[Result "0-1"]
[WhiteElo "1755"]
[BlackElo "1849"]
[PlyCount "102"]
[EventDate "2021.10.24"]
[EventType "team-tourn"]
[EventRounds "9"]
[EventCountry "GER"]
[SourceTitle "EXT 2024"]
[Source "ChessBase"]
[SourceDate "2023.10.10"]
[SourceVersion "1"]
[SourceVersionDate "2023.10.10"]
[SourceQuality "1"]
[WhiteTeam "Neubrandenburg II"]
[BlackTeam "Torgelow Droegeheide II"]
[WhiteTeamCountry "GER"]
[BlackTeamCountry "GER"]

1. Nf3 Nf6 2. g3 d5 3. Bg2 c6 4. 0-0 Bg4 5. c4 Nbd7 6. cxd5 cxd5 7. d4 e6 8. Nc3 Be7 9. Bg5 a6 10. Rc1 0-0 11. h3 Bh5 12. a3 Rc8 13. g4 Bg6 14. Qb3 b5 15. Na2 Qb6 16. Rxc8 Rxc8 17. Rc1 Rxc1+ 18. Bxc1 Ne4 19. a4 b4 20. e3 a5 21. Bf1 Qc7 22. Bd3 h5 23. Qc2 Qxc2 24. Bxc2 hxg4 25. hxg4 Ndf6 26. Ne5 Bd8 27. f3 Ng5 28. Bxg6 fxg6 29. Kg2 Kh7 30. Nc6 Bc7 31. Naxb4 axb4 32. a5 Nd7 33. Bd2 b3 34. Bb4 Nb8 35. Nxb8 Bxb8 36. a6 Nf7 37. Be7 e5 38. dxe5 Ba7 39. f4 Bxe3 40. Kf3 Ba7 41. e6 Nh6 42. Bd6 Ng8 43. e7 Nf6 44. Bb4 Kg8 45. g5 Ne8 46. Be1 Kf7 47. Bf2 Bxf2 48. Kxf2 Kxe7 49. Ke3 Kd6 50. Kd4 Nc7 51. a7 Nb5+ 0-1

[Event "Mecklenburg VP LL2 Ost 2122"]
[Site "Mecklenburg VP"]
[Date "2022.03.06"]
[Round "6.1"]
[White "Alder, Bodo"]
[Black "Lichte, Martin"]
[Result "1-0"]
[WhiteElo "2002"]
[BlackElo "1755"]
[PlyCount "73"]
[EventDate "2021.10.24"]
[EventType "team-tourn"]
[EventRounds "9"]
[EventCountry "GER"]
[SourceTitle "EXT 2024"]
[Source "ChessBase"]
[SourceDate "2023.10.10"]
[SourceVersion "1"]
[SourceVersionDate "2023.10.10"]
[SourceQuality "1"]
[WhiteTeam "Binz Therme Ruegen"]
[BlackTeam "Neubrandenburg II"]
[WhiteTeamCountry "GER"]
[BlackTeamCountry "GER"]

1. Nf3 Nf6 2. c4 g6 3. d4 Bg7 4. Nc3 d5 5. e3 0-0 6. h3 c5 7. cxd5 Nxd5 8. Bc4 Nxc3 9. bxc3 cxd4 10. cxd4 Qc7 11. Bb3 Nc6 12. 0-0 b6 13. Bb2 Ba6 14. Re1 Nb4 15. Rc1 Qb7 16. Bc4 Rac8 17. Qb3 Bxc4 18. Rxc4 Nc6 19. Rcc1 Na5 20. Qd3 Rxc1 21. Rxc1 Rc8 22. Rxc8+ Qxc8 23. Nd2 e6 24. e4 Qd7 25. Qc3 Qc6 26. Qxc6 Nxc6 27. Nb3 Kf8 28. Kf1 Ke8 29. Ke2 Kd7 30. Bc3 Bf8 31. Kd3 Bb4 32. d5 exd5 33. exd5 Ne7 34. Bxb4 Nxd5 35. Bd2 f5 36. Nd4 a6 37. Nc2 1-0

[Event "Mecklenburg VP LL2 Ost 1819"]
[Site "Mecklenburg VP"]
[Date "2018.11.11"]
[Round "2.6"]
[White "Lichte, Martin"]
[Black "Klinger, Clemens"]
[Result "1-0"]
[WhiteElo "1870"]
[BlackElo "1583"]
[PlyCount "78"]
[EventDate "2018.10.21"]
[EventType "team-tourn"]
[EventRounds "9"]
[EventCountry "GER"]
[SourceTitle "EXT 2022"]
[Source "ChessBase"]
[SourceDate "2021.10.06"]
[SourceVersion "1"]
[SourceVersionDate "2021.10.06"]
[SourceQuality "1"]
[WhiteTeam "Neubrandenburg SG Eintracht"]
[BlackTeam "Stralsund FHSG II"]
[WhiteTeamCountry "GER"]
[BlackTeamCountry "GER"]

1. Nf3 d5 2. g3 Nc6 3. Bg2 e5 4. d3 Nf6 5. 0-0 Be7 6. c4 Be6 7. cxd5 Nxd5 8. Bd2 0-0 9. Nc3 h6 10. a3 Qd7 11. b4 a6 12. Rc1 Nf6 13. Na4 b6 14. Rxc6 Qxc6 15. Nxe5 Qb5 16. Bxa8 Rxa8 17. Nf3 Rd8 18. Nc3 Qh5 19. Bf4 Bd6 20. Qc1 Bg4 21. Bxd6 Rxd6 22. Ne4 Nxe4 23. dxe4 Bxf3 24. exf3 Qxf3 25. Qxc7 Qd3 26. Qc8+ Rd8 27. Qc6 Qd6 28. Rc1 Qxc6 29. Rxc6 Rb8 30. Kf1 Kf8 31. Ke2 Ke8 32. Rc7 b5 33. Ke3 Rd8 34. Rc6 Ra8 35. Rc7 Rd8 36. e5 Rd7 37. Rxd7 Kxd7 38. Kd4 Kc6 39. f4 g6 1-0

[Event "Mecklenburg VP LL2 Ost 1819"]
[Site "Mecklenburg VP"]
[Date "2018.10.21"]
[Round "1.7"]
[White "Lichte, Martin"]
[Black "Ehmann, Roland"]
[Result "0-1"]
[WhiteElo "1870"]
[BlackElo "1632"]
[PlyCount "58"]
[EventDate "2018.10.21"]
[EventType "team-tourn"]
[EventRounds "9"]
[EventCountry "GER"]
[SourceTitle "EXT 2022"]
[Source "ChessBase"]
[SourceDate "2021.10.06"]
[SourceVersion "1"]
[SourceVersionDate "2021.10.06"]
[SourceQuality "1"]
[WhiteTeam "Neubrandenburg SG Eintracht"]
[BlackTeam "Waterkant Saal SV"]
[WhiteTeamCountry "GER"]
[BlackTeamCountry "GER"]

1. Nf3 d5 2. g3 e6 3. Bg2 c6 4. 0-0 f5 5. d3 Nf6 6. Nbd2 Bd6 7. c4 0-0 8. cxd5 cxd5 9. Nb3 Nc6 10. Bd2 e5 11. Rc1 f4 12. e3 Bg4 13. Qe1 e4 14. dxe4 dxe4 15. Nfd4 Nxd4 16. Nxd4 f3 17. Bh1 Bh3 18. Qd1 Qd7 19. Qb3+ Kh8 20. Rfd1 Bg2 21. Bxg2 fxg2 22. Kxg2 Ng4 23. Rf1 Rf6 24. h3 Nxf2 25. Rxf2 Rxf2+ 26. Kxf2 Qxh3 27. Qe6 Rf8+ 28. Ke2 Qg2+ 29. Kd1 Qf1+ 0-1

[Event "GER-chT10 KJ-32 Br03 email"]
[Site "GER email"]
[Date "2013.10.04"]
[Round "?"]
[White "Lichte, Martin"]
[Black "Joachimsthaler, Karl"]
[Result "1/2-1/2"]
[WhiteElo "2001"]
[BlackElo "1821"]
[PlyCount "85"]
[EventDate "2013.10.15"]
[EventType "tourn (corr)"]
[EventRounds "4"]
[EventCountry "GER"]
[SourceTitle "Corr 2015"]
[Source "ChessBase"]
[SourceDate "2015.07.17"]
[SourceVersion "1"]
[SourceVersionDate "2015.07.17"]
[SourceQuality "1"]

1. Nf3 Nf6 2. g3 g6 3. Bg2 Bg7 4. 0-0 0-0 5. d3 d6 6. c4 c5 7. Nc3 Nc6 8. a3 a6 9. Rb1 Rb8 10. b4 cxb4 11. axb4 b5 12. cxb5 axb5 13. Be3 Ng4 14. Bd2 Bd7 15. h3 Nf6 16. Qc2 Qc8 17. Rfc1 Bxh3 18. Nxb5 Bxg2 19. Kxg2 Rxb5 20. Qxc6 Qxc6 21. Rxc6 Ra8 22. Nd4 Rb7 23. Rc2 Ne4 24. Be3 Bxd4 25. Bxd4 Ng5 26. b5 Ne6 27. Be3 Kf8 28. g4 Nc7 29. b6 Nd5 30. Bd4 e5 31. e4 Nf4+ 32. Kg3 Ke7 33. Be3 Nxd3 34. Rb3 Nc5 35. Bxc5 dxc5 36. Rxc5 Kd6 37. Rd5+ Ke6 38. g5 Ra6 39. Rdb5 f6 40. gxf6 Kxf6 41. f4 exf4+ 42. Kxf4 Ke6 43. R3b4 1/2-1/2

[Event "GER-chT10 KJ-32 Br03 email"]
[Site "GER email"]
[Date "2013.10.04"]
[Round "?"]
[White "Lichte, Martin"]
[Black "Mueller, Achim"]
[Result "1/2-1/2"]
[WhiteElo "2001"]
[BlackElo "2088"]
[PlyCount "60"]
[EventDate "2013.10.15"]
[EventType "tourn (corr)"]
[EventRounds "4"]
[EventCountry "GER"]
[SourceTitle "Corr 2015"]
[Source "ChessBase"]
[SourceDate "2015.07.17"]
[SourceVersion "1"]
[SourceVersionDate "2015.07.17"]
[SourceQuality "1"]

1. Nf3 Nf6 2. g3 g6 3. Bg2 Bg7 4. 0-0 d5 5. c4 0-0 6. cxd5 Nxd5 7. d4 Nb6 8. Nc3 Nc6 9. d5 Na5 10. e4 c6 11. Re1 Re8 12. Bf4 cxd5 13. Nxd5 e5 14. Bg5 f6 15. Bd2 Nac4 16. Rc1 Be6 17. Bc3 Nxd5 18. exd5 Bxd5 19. Nxe5 Bxg2 20. Nxc4 Qxd1 21. Rcxd1 Bf3 22. Nd6 Rxe1+ 23. Rxe1 Bc6 24. Re6 Rd8 25. Bxf6 Bxf6 26. Rxf6 Bd5 27. g4 Bxa2 28. f4 Rd7 29. Kf2 Rc7 30. Ke3 Rc2 1/2-1/2

[Event "GER-chT8 KH-37 Br1 email"]
[Site "GER email"]
[Date "2009.10.09"]
[Round "?"]
[White "Lichte, Martin"]
[Black "Diele, Ralf"]
[Result "1/2-1/2"]
[WhiteElo "2014"]
[BlackElo "1981"]
[PlyCount "65"]
[EventDate "2009.10.15"]
[EventType "tourn (corr)"]
[EventRounds "4"]
[EventCountry "GER"]
[SourceTitle "Corr 2013"]
[Source "ChessBase"]
[SourceDate "2012.11.12"]
[SourceVersion "1"]
[SourceVersionDate "2012.11.12"]
[SourceQuality "1"]

1. Nf3 Nf6 2. g3 d5 3. Bg2 c6 4. 0-0 Bf5 5. d3 Nbd7 6. Nbd2 e6 7. Qe1 Be7 8. e4 dxe4 9. dxe4 Bg6 10. e5 Nd5 11. Ne4 b5 12. b3 0-0 13. c4 bxc4 14. bxc4 Bb4 15. Bd2 Bxd2 16. Nfxd2 Nb4 17. Rd1 Rb8 18. Nb3 Qc7 19. Nbc5 Nxc5 20. Nxc5 Rfd8 21. Qe2 Rbc8 22. h4 h6 23. Rxd8+ Rxd8 24. Rd1 Nc2 25. h5 Bf5 26. g4 Bh7 27. Rxd8+ Qxd8 28. Be4 Bxe4 29. Nxe4 Nd4 30. Qd3 Qb6 31. g5 hxg5 32. Nxg5 Kf8 33. Qh7 1/2-1/2

[Event "GER-chT8 KH-37 Br1 email"]
[Site "GER email"]
[Date "2009.10.09"]
[Round "?"]
[White "Lichte, Martin"]
[Black "Jacobs, Rudolf"]
[Result "0-1"]
[WhiteElo "2014"]
[BlackElo "2113"]
[PlyCount "72"]
[EventDate "2009.10.15"]
[EventType "tourn (corr)"]
[EventRounds "4"]
[EventCountry "GER"]
[SourceTitle "Corr 2013"]
[Source "ChessBase"]
[SourceDate "2012.11.12"]
[SourceVersion "1"]
[SourceVersionDate "2012.11.12"]
[SourceQuality "1"]

1. Nf3 c5 2. g3 Nc6 3. d4 cxd4 4. Nxd4 g6 5. Bg2 Bg7 6. Nxc6 bxc6 7. c4 Rb8 8. 0-0 Rxb2 9. Bxb2 Bxb2 10. Nd2 Bxa1 11. Qxa1 Nf6 12. Ne4 0-0 13. Nxf6+ exf6 14. Rd1 c5 15. Qc3 Re8 16. Bf3 Kg7 17. Qd2 Re6 18. h4 h5 19. Qf4 Rb6 20. Qe3 Qc7 21. Bd5 Qe5 22. Qxc5 Qxe2 23. Qd4 Rb2 24. a4 Bb7 25. Bxb7 Rxb7 26. a5 Rc7 27. Rc1 Qe5 28. Qxe5 fxe5 29. Kf1 d5 30. c5 Kf6 31. Ke2 Ke6 32. Kd3 Rb7 33. f3 Rb4 34. a6 f5 35. Kd2 e4 36. fxe4 fxe4 0-1

[Event "GER-chT KG-33 email"]
[Site "GER email"]
[Date "2007.10.25"]
[Round "?"]
[White "Hobert, Markus"]
[Black "Lichte, Martin"]
[Result "1/2-1/2"]
[WhiteElo "2258"]
[BlackElo "2000"]
[PlyCount "66"]
[EventDate "2007.??.??"]
[EventType "tourn (corr)"]
[EventRounds "6"]
[EventCountry "GER"]
[SourceTitle "Corr 2011"]
[Source "ChessBase"]
[SourceDate "2010.08.31"]
[SourceVersion "1"]
[SourceVersionDate "2010.08.31"]
[SourceQuality "1"]

1. e4 c5 2. c3 Nf6 3. e5 Nd5 4. d4 cxd4 5. cxd4 d6 6. Nf3 Nc6 7. Bc4 Nb6 8. Bb3 dxe5 9. d5 Na5 10. Nc3 Nxb3 11. Qxb3 e6 12. Nxe5 Bd6 13. Qb5+ Kf8 14. Nf3 Nxd5 15. 0-0 Nxc3 16. bxc3 Be7 17. Be3 f6 18. Rfd1 Qc7 19. Rab1 e5 20. c4 b6 21. c5 bxc5 22. Bxc5 Bxc5 23. Rbc1 Be6 24. Rxc5 Qb6 25. Qxb6 axb6 26. Rc7 Bxa2 27. h3 Rg8 28. Rd6 Rb8 29. Nd2 Bf7 30. Ne4 Bg6 31. Rdd7 Be8 32. Rd6 Bg6 33. Rdd7 Be8 1/2-1/2